Le Top 50 des Français les plus capés en Premier League (depuis 1992) - Statistiques

Statistiques générales
  • Ce quiz a été pris 317 fois
  • Le résultat moyen est 20 sur 50
Statistiques - réponses
Classement Joueurs Nb de matchs Club(s) % Correct
3 Hugo Lloris 361* Tottenham
95%
14 Thierry Henry 258 Arsenal
94%
17 N'Golo Kanté 224* Chelsea, Leicester
85%
7 Patrick Vieira 307 Arsenal, Manchester City
83%
2 Nicolas Anelka 364 Chelsea, Arsenal, Liverpool, Manchester City, Bolton Wanderers, West Bromwich Albion
78%
18 Samir Nasri 220 Manchester City, Arsenal, West Ham
78%
15 Olivier Giroud 255 Arsenal, Chelsea
75%
33 Eric Cantona 156 Manchester United, Leeds
74%
22 Robert Pirès 198 Arsenal, Aston Villa
71%
5 Gaël Clichy 325 Arsenal, Manchester City
68%
11 Patrice Evra 278 Manchester United, West Ham
65%
13 Bacary Sagna 267 Arsenal, Manchester City
64%
32 Paul Pogba 157 Manchester United
64%
26 Anthony Martial 188* Manchester United
63%
15 Laurent Koscielny 255 Arsenal
56%
42 Emmanuel Petit 140 Arsenal, Chelsea
55%
34 Lucas Digne 153* Everton, Aston Villa
55%
8 Moussa Sissoko 295 Newcastle, Tottenham, Watford
55%
6 William Gallas 321 Arsenal, Chelsea, Tottenham
51%
50 Djibril Cissé 110 Liverpool, Sunderland, Queens Park Rangers
43%
21 Morgan Schneiderlin 200 Southampton, Manchester United, Everton
43%
37 Florent Malouda 149 Chelsea
42%
30 Marcel Desailly 158 Chelsea
42%
40 Claud Makélélé 144 Chelsea
39%
24 David Ginola 195 Newcastle, Tottenham, West Ham, Everton
38%
19 Kurt Zouma 211* Chelsea, West Ham, Stoke, Everton
38%
29 Yohan Cabaye 175 Newcastle, Crystal Palace
38%
30 Alexandre Lacazette 158 Arsenal
36%
46 Abou Diaby 124 Arsenal
32%
43 Mamadou Sakho 128 Crystal Palace, Liverpool
32%
9 Louis Saha 288 Manchester United, Everton, Fulham, Newcastle, Tottenham, Sunderland
31%
40 Frank Leboeuf 144 Chelsea
29%
28 Mathieu Flamini 178 Arsenal, Crystal Palace
29%
12 Mikaël Silvestre 275 Manchester United, Arsenal
29%
45 Neal Maupay 125* Brighton, Everton
29%
27 Étienne Capoue 180 Watford, Tottenham
25%
1 Sylvain Distin 469 Everton, Bournemouth, Portsmouth, Man.City, Newcastle
23%
23 Younès Kaboul 197 Tottenham, Sunderland, Portsmouth, Watford
19%
4 Steed Malbranque 336 Fulham, Tottenham, Sunderland
14%
24 Steven Nzonzi 195 Stoke City, Blackburn Rovers
12%
10 Charles N'Zogbia 281 Aston Villa, Newcastle, Wigan
11%
47 Issa Diop 115 West Ham, Fulham
11%
36 Laurent Robert 150 Newcastle, Porstmouth et Derby County
7%
49 Gilles Grimandi 114 Arsenal
6%
35 Antoine Sibierski 151 Manchester City, Newcastle, Wigan
3%
38 Bruno N'Gotty 147 Bolton Wanderers
2%
20 Franck Queudrue 201 Middlesbrough, Fulham, Birmingham
2%
38 Alain Goma 147 Fulham, Newcastle
1%
48 Olivier Bernard 115 Newcastle, Southampton
1%
44 Sylvain Legwinski 128 Fulham
1%
Aucun quiz correspondant
Distribution des résultats
% des personnes avec chaque résultat
Percentile par nombre de réponses
Votre historique - résultats
Vous n’avez pas pris ce quiz